|
|
|
|
| LEADER |
00000nam2a2200000 4500 |
| 001 |
150687 |
| 005 |
20231101221513.0 |
| 010 |
|
|
|a 9785947749984
|
| 035 |
|
|
|a (RuTPU)RU\TPU\book\163367
|
| 090 |
|
|
|a 150687
|
| 100 |
|
|
|a 20090113d2009 m y0rusy50 ca
|
| 101 |
1 |
|
|a rus
|c ukr
|
| 102 |
|
|
|a RU
|
| 105 |
|
|
|a a j 001zy
|
| 200 |
0 |
|
|a Ч. 1
|
| 210 |
|
|
|d 2009
|
| 215 |
|
|
|a 448 с.
|c ил.
|
| 320 |
|
|
|a Библиогр.: с. 441.
|
| 320 |
|
|
|a Предметный указатель: с. 442-448.
|
| 330 |
|
|
|a Представлены все основные разделы высшей математики: элементы математического анализа, линейной алгебры, аналитической геометрии, теории вероятностей и математической статистики. Каждый раздел содержит обширный перечень задач, который предваряется справочным теоретическим материалом с иллюстративными примерами. В конце книги приводятся ответы. Для студентов и преподавателей технических, экономических, педагогических и сельскохозяйственных вузов.
|
| 461 |
|
1 |
|0 (RuTPU)RU\TPU\book\168867
|y 978-5-94774-335-7
|t Практикум по высшей математике
|o учебное пособие
|o в 2 ч.
|o пер. с укр.
|f Л. И. Дюженкова, О. Ю. Дюженкова, Г. А. Михалин
|v Ч. 1
|d 2009
|
| 606 |
1 |
|
|a Математика высшая
|2 stltpush
|3 (RuTPU)RU\TPU\subj\3986
|9 32308
|
| 610 |
1 |
|
|a учебные пособия
|
| 610 |
1 |
|
|a практикумы
|
| 610 |
1 |
|
|a множества
|
| 610 |
1 |
|
|a координатные пространства
|
| 610 |
1 |
|
|a прямые
|
| 610 |
1 |
|
|a плоскости
|
| 610 |
1 |
|
|a кривые
|
| 610 |
1 |
|
|a поверхности
|
| 610 |
1 |
|
|a пределы
|
| 610 |
1 |
|
|a непрерывность
|
| 610 |
1 |
|
|a ряды
|
| 610 |
1 |
|
|a дифференциальное исчисление
|
| 610 |
1 |
|
|a теоремы
|
| 675 |
|
|
|a 51(076.5)
|v 3
|
| 801 |
|
1 |
|a RU
|b 63413507
|c 20090113
|g PSBO
|
| 801 |
|
2 |
|a RU
|b 63413507
|c 20150430
|g PSBO
|
| 900 |
|
|
|a Высшая математика
|
| 942 |
|
|
|c BK
|
| 951 |
|
|
|a 521600
|a 550000
|b 080100
|
| 959 |
|
|
|a 4/20090113
|d 2
|e 0
|f ЧЗКДП:2
|